| 000 | 00901nam a2200277 a 4500 | ||
|---|---|---|---|
| 001 | 36351 | ||
| 003 | BD-RjUL | ||
| 005 | 20211209052456.0 | ||
| 008 | 140622s1985 nyua b 001 0 eng d | ||
| 020 | _a0023832800 (pbk.) | ||
| 035 | _a(BD-RjUL)36448 | ||
| 040 |
_aDLC _cDLC _dDLC _dBD-RjUL _beng |
||
| 041 | _aeng | ||
| 082 | 0 | 0 |
_a320.973 _219 _bMOP 1981 |
| 100 | 1 |
_aMoore, John Allphin, _d1940- _9110630 |
|
| 245 | 1 | 4 |
_aThe pursuit of happiness : _bgovernment and politics in America / _cJohn A. Moore, Jr., Myron Roberts. |
| 250 | _a3rd ed. | ||
| 260 |
_aNew York : _bMacmillan ; _aLondon : _bCollier Macmillan, _cc1985. |
||
| 300 |
_axii, 390 p. : _bill. ; _c24 cm. |
||
| 504 | _aBibliography: p. 342-355. and Index | ||
| 651 | 0 |
_aUnited States _xPolitics and government. _9110631 |
|
| 700 | 1 |
_aRoberts, Myron. _9110632 |
|
| 942 |
_2ddc _cBK |
||
| 999 |
_c36351 _d36351 |
||